College Quizbowl Stats
College Quizbowl Stats
Circuits
Seasons
Sets
Records
Detailed Stats
About
Loading...
2024 ACF Regionals @ Minnesota
Tossups
Bonuses
Players
Teams
Categories (Tossup)
Categories (Bonus)
Drew Wetterlind
Iowa State A
Categories
Category
Powers
Gets
Negs
BBs
Points
Earliest Buzz
Avg. Buzz
First Buzzes
Top 3 Buzzes
Science - Chemistry
0
2
0
0
20
95
99.50
0
2
Science - Other Science
0
1
1
0
5
33
33.00
0
1
Literature - American Literature
0
0
1
0
-5
0.00
0
0
Buzzes
Category
Answer
Value
Buzz Position
Science - Other Science
images
10
33
Science - Other Science
iron
-5
70
Literature - American Literature
Buddhism
-5
91
Science - Chemistry
stereoselectivity
10
95
Science - Chemistry
hydrides
10
104
Previous
1
Next